BIBLIOTHÈQUE DE LA MAISON DU MEXIQUE

Logo 1 Logo 2

Juan Rulfo photographe (notice nᵒ 1000)

détails MARC
000 -Sello discográfico
campo de control de longitud fija 01032nam a2200313 4500
005 - Identificación de versión
campo de control 20251016082543.0
010 ## - Número Estándar Internacional de Libros (ISBN)
Número (ISBN) 2-7384-2756-1
035 ## - Otros números de control del sistema
Número de control del sistema 21734
099 ## - fechas locales
Tipo de ítem Koha LIBRO
100 ## - Datos de procesamiento general
Datos de procesamiento general 19960725d1994 m y1spay5003 ba
105 ## - Campo de datos codificados: Material textual, monográfico
Datos codificados de monografía a 001zy
200 1# - Título y mención de responsabilidad
Título propio Juan Rulfo photographe
Designación general del material texto impreso
Otra información del título esthétique du royaume des âmes
Primer mención de responsabilidad Béatrice Tatard
Declaración de responsabilidad subsiguiente préface Claude Fell
210 ## - Publicación, distribución, etc.
Lugar de publicación, distribución, etc. Paris
Nombre del editor, distribuidor, etc. Editions L'Harmattan
Fecha de publicación, distribución, etc. 1994
215 ## - Descripción física
Designación de material específico y extensión del ítem 172 p
Otras características físicas fot.
Dimensiones 22 cm
345 ## - Nota de información de adquisición
Fuente de adquisición/dirección de la suscripción [OBSOLETO] Compra
410 #1 - Series
Título Recherches et Documents Amériques Latines
600 ## - Nombre personal usado como materia
Elemento de entrada Pérez Rulfo Vizcaíno
Parte del nombre distinta del elemento de entrada Juan Nepomuceno Carlos
Fechas 1917-1986
Subdivisión temática Crítica e interpretación
Número Koha 1421
606 ## - Término temático usado como materia
Elemento de entrada Fotografía artística
Número Koha 2688
660 ## - Código de área geográfica
Código MX
700 ## - Nombre personal - Responsabilidad primaria
Elemento de entrada Tatard
Parte del nombre distinta del elemento de entrada Béatrice
Número Koha 2689
702 ## - Nombre personal - Responsabilidad secundaria
Elemento de entrada Fell
Parte del nombre distinta del elemento de entrada Claude
Número Koha 721
801 #0 - Fuente de origen
Agencia cm
900 ## -
-- 1/12709
900 ## -
-- 710962202\\250796
942 ## - ELEMENTOS DE ENTRADA SECUNDARIOS (KOHA)
Tipo de ítem Koha Livre
996 ## -
-- MEX
-- 751145101
-- MMAG
-- 004286
-- 980.72 H287 V.9
-- 20201202LIV
Exemplaires
Estatus retirado Estado de daño Estado de pérdida Fecha de adquisición Biblioteca de origen Biblioteca actual Ubicación en estantería Código de barras Precio de reemplazo Signatura topográfica completa No para préstamo Tipo de ítem Koha Nota pública Nota no pública
      05/08/2025 Casa México Paris Casa México Paris   004286 05/08/2025 980.72 H287 V.9   Livre 20201202LIV 751145101